• 首页
  • 本馆介绍
  • 公告通知
  • 最新文献
  • 馆藏检索
  • 电子资源
  • 读者导购
  • 参考咨询
  • 我的图书馆
  • 登录
  • 详细信息显示
  • 放入我的书架
  • 预约/预借图书
  • 作者相关作品
  • 分类相关作品
  • 丛书相关作品
  • 出版社相关作品

书目信息

  • 表格格式
  • 工作单格式
  • 卡片格式
题名:
土力学
    
 
作者: 尤晓暐 , 钱大心 主编
分册:  
出版信息: 北京   清华大学出版社  2017.5
页数: 304页
开本: 26cm
丛书名: 新世纪现代交通类专业系列教材
单 册:
中图分类: TU43 , U213.1
科图分类:
主题词: 土力学--高等学校--教材 , 铁路路基--高等学校--教材
电子资源:
ISBN: 978-7-5121-3068-5
000 01072oam2 2200313 450
001 0400004311
005 20171026144405.39
010    @a978-7-5121-3068-5@dCNY39.00
100    @a20170802d2017 em y0chiy50 ea
101 0  @achi
102    @aCN@b110000
105    @ay az 000yy
106    @ar
200 1  @a土力学@9tu li xue@f尤晓暐, 钱大心主编
205    @a第2版
210    @a北京@c清华大学出版社@d2017.5
215    @a304页@c图@d26cm
225 2  @a新世纪现代交通类专业系列教材
320    @a有书目
330    @a本书内容包括:绪论、土的物理性质及工程分类、土的渗透性和渗流、土体中应力的计算、土的压缩性和固结理论、地基最终沉降量的计算、土的抗剪强度及参数确定、土压力与挡土墙、地基承载力和土坡稳定性分析,各章后均附有思考题和习题。
461  0 @12001 @a新世纪现代交通类专业系列教材
606 0  @a土力学@x高等学校@j教材
606 0  @a铁路路基@x高等学校@j教材
690    @aTU43@v5
690    @aU213.1@v5
701  0 @a尤晓暐@9you xiao wei@4主编
701  0 @a钱大心@9qian da xin@4主编
801  0 @aCN@b91MARC@c20171023
905    @b1037600-4@dTU43@f5@e1303=2
    
    土力学/尤晓暐, 钱大心主编.-第2版.-北京:清华大学出版社,2017.5
    304页:图;26cm.-(新世纪现代交通类专业系列教材)
    
    
    ISBN 978-7-5121-3068-5:CNY39.00
    本书内容包括:绪论、土的物理性质及工程分类、土的渗透性和渗流、土体中应力的计算、土的压缩性和固结理论、地基最终沉降量的计算、土的抗剪强度及参数确定、土压力与挡土墙、地基承载力和土坡稳定性分析,各章后均附有思考题和习题。
●
相关链接 在E读中查询图书 在五车中查询图书 在当当中查询图书 在豆瓣中查询图书


正题名:土力学     索取号:TU43/1303=2         预约/预借

序号 登录号 条形码 馆藏地/架位号 状态 备注
1 1037600   210376001   第二样本阅览室/ [索取号:TU43/1303=2] 在馆    
2 1037601   210376010   密集书库-生命科学系/ [索取号:TU43/1303=2] 在馆    
3 1037602   210376029   第三借阅区/ [索取号:TU43/1303=2] 在馆    
4 1037603   210376038   第三借阅区/ [索取号:TU43/1303=2] 在馆    
5 1037604   210376047   第三借阅区/ [索取号:TU43/1303=2] 在馆    
唐山师范学院图书馆 欢迎您!
大连网信软件有限公司© 版权所有